| 000 | 00534cam a22001571 4500 | ||
|---|---|---|---|
| 082 |
_a624.171 _bWIL _cL-20, P-19 |
||
| 100 | 1 |
_aWilbur, John Benson, _942756 |
|
| 245 | 1 | 0 |
_aElementary structural analysis, _cby John Benson Wilbur and Charles Head Norris. |
| 250 | _a1st ed. | ||
| 260 |
_aNew York, _bMcGraw-Hill Book Co., _c1948. |
||
| 300 |
_ax, 523 p. _bdiagrs. _c24 cm. |
||
| 526 |
_a0 _b0 _c0 _d624_171000000000000_WIL |
||
| 650 | 0 |
_aStructural analysis (Engineering) _9654 |
|
| 700 | 1 |
_aNorris, Charles Head, _942755 |
|
| 942 |
_2ddc _cBK |
||
| 999 |
_c546664 _d546664 |
||